00682nam a22002177a 4500003000500000005001700005008004100022010001000063011001000073035001000083040000900093082001400102100002300116245007400139260003100213300002300244490007100267650002800338650002700366830007100393CHAP20220817042809.0971013s1968 r 00010 d a55992 a56964 a61117 cCHAP a338.9bS200aSchickele, Rainer. aAgrarian revolution and economic progressb: a primer for development aNew York :bPraeger,c1968 a410 p.b: gráfs. aPraeger special studies in international economics and development14aDesarrollo económico.14aPolítica agrícola.0 aPraeger special studies in international economics and development